000 00965nam a2200313Ia 4500
001 Z_3613
003 CHAP
008 220113s1988 xx 000 0 und d
010 _a166696
020 _a968-426-459-3
040 _cCHAP
082 _a612 G35 1988
100 _aGanong, William F.
_945561
245 _aFisiología médica /
_cWilliam F. Ganong; traductor Santiago Sapiña Renard; revisión Héctor Brust Gaemona
250 _a11a ed.
260 _aMéxico :
_bEl Manual Moderno,
_c1988
300 _a692 p.
500 _aTítulo original de la obra: Review of medical physiology, 13a ed. de1987
503 _aej.1: 14528 \ ej.2: 145291 \ ej.3: s/n
504 _aIncluye bibliografía e índice
650 _aFisiología humana
_9137527
700 _aI. Sapiña Renard, Santiago, tr. II. Brust Gaemona, Héctor, rev.
_9140815
901 _a612 G35 1988
902 _aM
910 _a1988
942 _c1
942 _cc1
999 _c166696
_d166696